000 01052nam a2200241Ii 4500
003 JO-AjNU
005 20240630094950.0
008 230605s9999||||xx |||||||||||||| ||und||
040 _aJO-AjNU
_bara
_erda
_cJO-AjNU
041 _aara
050 1 4 _aK579.L5.K43.2007
100 _aخوالده، احمد مفلح عبد الله
_eمعد
_965896
245 0 0 _aشرط الإعفاء من المسؤولية العقدية" دراسة مقارنة بين القانونين المدني الأردني والمدني المصري"
264 3 1 _a2007
300 _a178 ورقة
336 _atext
_btxt
_2rdacontent
337 _aunmediated
_bn
_2rdamedia
338 _avolume
_bnc
_2rdacarrier
500 _aرسالة جامعية (دكتوراة فلسفة فب القانون )--جامعة عمان العربية ، كلية الدراسات القانونية العليا ، 2007
650 4 _aالمسؤولية -- قانون مدني -- العقود
_946765
700 _aالزعبي، محمد يوسف
_965476
_eمشرف
942 _2lcc
_cTHS
999 _c23936
_d23936